000 00444cam a22001337a 4500
008 180718b1975 xxu||||| |||| 00| 0 eng d
082 _aT4203x54 IN2R
100 _aBanking Laws Committee
245 _aReport on Negotiable Instruments Law, 1975
_cby Banking Laws Committee, India
260 _aNew Delhi
_bThe Controller of Publications
_c1975
300 _a407+p.
500 _aChairman: P.V. Rajamannar
700 _aRajamannar, P.V. (Chairman)
999 _c489764
_d489764